Esta deuda no solo es impagable, sino que ya, además, es una deuda incobrable (Intervención en la sesión de la tarde del domingo 7 de julio de 1985 del IV Congreso de la FELAP)

Guardado en:
書目詳細資料
主要作者: Castro Ruz, Fidel
格式: Texto
出版: La Habana: Editora Política
版:1
主題:
標簽: 添加標簽
沒有標簽, 成為第一個標記此記錄!

MARC

LEADER 00000 a a2200000 04500
001 18188
003
040
090 |a 017200  
100 |a Castro Ruz, Fidel  
245 |a Esta deuda no solo es impagable, sino que ya, además, es una deuda incobrable (Intervención en la sesión de la tarde del domingo 7 de julio de 1985 del IV Congreso de la FELAP)  
250 |a 1  
260 |a La Habana:   |b Editora Política  
300 |a 26 p.  
650 |a ASPECTOS POLITICOS  
650 |a ASPECTOS ECONOMICOS  
650 |a DEUDA EXTERNA  
650 |a NUEVO ORDEN ECONOMICO INTERNACIONAL  
650 |a CONFERENCIAS  
999 |c 6751  |d 6751